ESG in the Valuation Process: (Record no. 121874)
[ view plain ]
| 000 -LEADER | |
|---|---|
| fixed length control field | 03043cad a22002175a 4500 |
| 008 - FIXED-LENGTH DATA ELEMENTS--GENERAL INFORMATION | |
| fixed length control field | 240402t2024 xxk f 001 0 eng d |
| 041 0# - LANGUAGE CODE | |
| Language code of text/sound track or separate title | eng |
| 110 ## - MAIN ENTRY--CORPORATE NAME | |
| Corporate author | International Valuation Standards Committee |
| 245 00 - TITLE STATEMENT | |
| Title | ESG in the Valuation Process: |
| Subtitle | a survey |
| Medium | [Online publication] |
| 260 ## - PUBLICATION INFORMATION | |
| Place of publication | London, |
| Publisher | International Valuation Standards Council, |
| Date | March 2024 |
| 505 2# - CONTENTS | |
| Contents | In 2022 the IVSC set up an ESG working group comprising representatives of the IVSC Standards Review Boards, stakeholders, and external specialists to further discuss market needs. As part of this process, the ESG working group felt that it was important to carry out a regular survey of valuers and other stakeholders to understand where they are in their journey towards the quantification of ESG components within their valuations. Gathering data via a survey This is particularly important as the role of standard setters is not to lead the market but to develop standards to meet market needs. The latest survey relates to all types of valuations including valuations for financial reporting, market capitalisations, secured lending and tax reporting purposes and will only take approximately 5 to 10 minutes to complete. The survey will run between the 28th March 2024 and the 31st May 2024. Once the survey has been completed, the IVSC will compile the results and publish a report. The report will provide insights on the present stage of ESG in valuations and what valuers are presently seeing in their markets. |
| 520 ## - ABSTRACT | |
| Abstract | In 2022 the IVSC set up an ESG working group comprising representatives of the IVSC Standards Review Boards, stakeholders, and external specialists to further discuss market needs. As part of this process, the ESG working group felt that it was important to carry out a regular survey of valuers and other stakeholders to understand where they are in their journey towards the quantification of ESG components within their valuations. Gathering data via a survey This is particularly important as the role of standard setters is not to lead the market but to develop standards to meet market needs. The latest survey relates to all types of valuations including valuations for financial reporting, market capitalisations, secured lending and tax reporting purposes and will only take approximately 5 to 10 minutes to complete. The survey will run between the 28th March 2024 and the 31st May 2024. Once the survey has been completed, the IVSC will compile the results and publish a report. The report will provide insights on the present stage of ESG in valuations and what valuers are presently seeing in their markets. |
| 650 24 - KEYWORDS | |
| Keywords | INTERNATIONAL VALUATION STANDARDS |
| 650 24 - KEYWORDS | |
| Keywords | VALUATION |
| 651 #4 - SUBJECT ADDED ENTRY--GEOGRAPHIC NAME | |
| Geographic name | International |
| 690 ## - BROAD SUBJECT | |
| Broad subject | Valuation |
| 9 (RLIN) | 6273 |
| 710 2# - ADDED CORPORATE NAME | |
| Added corporate author | International Valuation Standards Council |
| 710 ## - ADDED CORPORATE NAME | |
| Added corporate author | Royal Institution of Chartered Surveyors |
| 856 40 - ONLINE RESOURCE | |
| Uniform Resource Identifier | <a href="https://www.ivsc.org/beyond-numbers-incorporating-esg-into-international-valuation-standards/">https://www.ivsc.org/beyond-numbers-incorporating-esg-into-international-valuation-standards/</a> |
| Public note | IVSC survey |
| 942 ## - ADDED ENTRY ELEMENTS (KOHA) | |
| Suppress in OPAC | Do not suppress in OPAC |
| Lost status | Damaged status | Not for loan | Home library | Current library | Shelving location | Date acquired | Total Checkouts | Date last seen | Price effective from | Koha item type |
|---|---|---|---|---|---|---|---|---|---|---|
| Virtual | Virtual | Online | 02/04/2024 | 02/04/2024 | 02/04/2024 | Online material |